Улучшение коэффициента мощности тиристорных преобразователей переменного тока в постоянный; Материалы к Всесоюзному совещанию по экономии электроэнергии за счет оптимизации систем электроснабжения и режимов электропотребления предприятий цветной металлургии

Dettagli Bibliografici
Parent link:Материалы к Всесоюзному совещанию по экономии электроэнергии за счет оптимизации систем электроснабжения и режимов электропотребления предприятий цветной металлургии.— 1967.— С. 209-210
Autore principale: Зайцев А. И. Александр Иванович
Altri autori: Мишин В. Н., Мишина Н. Н.
Lingua:russo
Pubblicazione: 1967
Soggetti:
Natura: MixedMaterials Capitolo di libro
KOHA link:https://koha.lib.tpu.ru/cgi-bin/koha/opac-detail.pl?biblionumber=176700

MARC

LEADER 00000naa2a2200000 4500
001 176700
005 20231031165352.0
035 |a (RuTPU)RU\TPU\book\191592 
035 |a RU\TPU\tpu\4610 
090 |a 176700 
100 |a 20100303d1967 k y0rusy50 ca 
101 0 |a rus 
102 |a RU 
200 1 |a Улучшение коэффициента мощности тиристорных преобразователей переменного тока в постоянный  |f А. И. Зайцев, В. Н. Мишин, Н. Н. Мишина 
463 0 |0 (RuTPU)RU\TPU\book\191219  |t Материалы к Всесоюзному совещанию по экономии электроэнергии за счет оптимизации систем электроснабжения и режимов электропотребления предприятий цветной металлургии  |f Сибирский научно-исследовательский и проектный институт цветных металлов ; Центральная научно-исследовательская экономическая лаборатория (ЦНИЭЛ) ; под ред. И. А. Никулина, В. В. Архипенко, Я. А. Кунгса  |v С. 209-210  |d 1967  |p 344 с. 
610 1 |a электрические машины 
610 1 |a труды учёных ТПУ 
610 1 |a электропривод 
700 1 |a Зайцев  |b А. И.  |c российский ученый, специалист в области энергетики  |c профессор Томского политехнического института  |f 1923-  |g Александр Иванович  |2 stltpush  |3 (RuTPU)RU\TPU\pers\19789 
701 1 |a Мишин  |b В. Н. 
701 1 |a Мишина  |b Н. Н. 
801 0 |a RU  |b 63413507  |c 20011210  |g PSBO 
801 2 |a RU  |b 63413507  |c 20100511  |g PSBO 
942 |c BK